अर्थ विज्ञान और बिहारी सतसई / (Record no. 196881)

MARC details
000 -LEADER
fixed length control field 00949nam a22001937a 4500
005 - DATE AND TIME OF LATEST TRANSACTION
control field 20230828123908.0
010 ## - LCCN (DPL NO)
LC control number B-755454
020 ## - INTERNATIONAL STANDARD BOOK NUMBER
International Standard Book Number 9789381412039
Terms of availability 895.00
035 ## - SYSTEM CONTROL NUMBER
System control number B-755454
037 ## - SOURCE OF ACQUISITION
Stock number साहित्य सहकार प्रकाशन
082 ## - DEWEY DECIMAL CLASSIFICATION NUMBER
Classification number 821.08
100 ## - MAIN ENTRY--PERSONAL NAME
Personal name शर्मा,राकेश कुमार
245 ## - TITLE STATEMENT
Title अर्थ विज्ञान और बिहारी सतसई /
Statement of responsibility, etc राकेश कुमार शर्मा
260 ## - PUBLICATION, DISTRIBUTION, ETC. (IMPRINT)
Place of publication, distribution, etc दिल्ली
Name of publisher, distributor, etc साहित्य सहकार प्रकाशन
Date of publication, distribution, etc 2021
270 ## - ADDRESS
Address 29/62, गली नं. 11, विश्वास नगर, दिल्ली
City दिल्ली
Postal code 110032
300 ## - PHYSICAL DESCRIPTION
Extent 272पृ.
Dimensions 22सेमी(अजिल्द)
942 ## - ADDED ENTRY ELEMENTS (KOHA)
Source of classification or shelving scheme Dewey Decimal Classification
Item type Hindi Books
Call number suffix शर्मारा
Classification part 821.08
Holdings
Withdrawn status Lost status Not for loan Collection code Home library Current library Date acquired Source of acquisition Cost, normal purchase price Full call number Barcode Copy number Cost, replacement price Koha item type
      Non-fiction Central Library Central Library 28/08/2023 उपहार/7.8.23 895.00 शर्मारा 821.08 B-755454 1 895.00 Hindi Books

© Delhi Public Library
Hit Counter
free hit counter